[Event "RSA-ch U16"]
[Site "Gauteng"]
[Date "2017.04.10"]
[Round "9"]
[White "Van der Westhuizen, Donald"]
[Black "Frye, Reece Lawrence"]
[Result "0-1"]
[WhiteElo "1505"]
[BlackElo "1485"]
[PlyCount "54"]
[EventDate "2017.04.05"]
[EventType "swiss"]
[EventRounds "11"]
[EventCountry "RSA"]
[SourceTitle "CBM 177 Extra"]
[Source "ChessBase"]
[SourceDate "2017.04.27"]
[SourceVersion "1"]
[SourceVersionDate "2017.04.27"]
[SourceQuality "1"]

1. d4 Nf6 2. c4 g6 3. Nc3 d5 4. cxd5 Nxd5 5. e4 Nxc3 6. bxc3 Bg7 7. Bc4 0-0 8. Ne2 Qd7 9. 0-0 Nc6 10. Be3 Na5 11. Bd3 b6 12. Rb1 Bb7 13. f4 e6 14. f5 exf5 15. exf5 Qc6 16. Rf2 Nc4 17. Bg5 f6 18. Bc1 g5 19. Ng3 Nd6 20. Qb3+ Kh8 21. Ba3 Rfe8 22. Qc2 Re3 23. Bxd6 cxd6 24. Nf1 Re7 25. Nd2 Rae8 26. Kf1 d5 27. Bb5 Qxb5+ 0-1

[Event "RSA-ch U16"]
[Site "Gauteng"]
[Date "2017.04.08"]
[Round "7"]
[White "Leslie Smith, Lance"]
[Black "Frye, Reece Lawrence"]
[Result "0-1"]
[WhiteElo "1318"]
[BlackElo "1485"]
[PlyCount "36"]
[EventDate "2017.04.05"]
[EventType "swiss"]
[EventRounds "11"]
[EventCountry "RSA"]
[SourceTitle "CBM 177 Extra"]
[Source "ChessBase"]
[SourceDate "2017.04.27"]
[SourceVersion "1"]
[SourceVersionDate "2017.04.27"]
[SourceQuality "1"]

1. d4 Nf6 2. Nf3 g6 3. e3 Bg7 4. Bd3 d5 5. Nbd2 0-0 6. b3 Nc6 7. Bb2 Nb4 8. 0-0 Nxd3 9. cxd3 Bf5 10. Qe2 Bd7 11. Rac1 Bb5 12. a4 Ba6 13. Rc2 Qd6 14. Rfc1 e6 15. Nb1 Qb4 16. Rc3 Ne4 17. Ba3 Nxc3 18. Rxc3 Qa5 0-1

[Event "RSA-ch U16"]
[Site "Gauteng"]
[Date "2017.04.06"]
[Round "2"]
[White "Mazibuko, Khanya"]
[Black "Frye, Reece Lawrence"]
[Result "1-0"]
[WhiteElo "1856"]
[BlackElo "1485"]
[PlyCount "69"]
[EventDate "2017.04.05"]
[EventType "swiss"]
[EventRounds "11"]
[EventCountry "RSA"]
[SourceTitle "CBM 177 Extra"]
[Source "ChessBase"]
[SourceDate "2017.04.27"]
[SourceVersion "1"]
[SourceVersionDate "2017.04.27"]
[SourceQuality "1"]

1. e4 c5 2. Nf3 e6 3. d4 cxd4 4. Nxd4 Nf6 5. Nc3 d6 6. Be3 a6 7. Be2 Be7 8. f4 Nbd7 9. a4 Qc7 10. 0-0 0-0 11. Bf3 Nb6 12. Qd3 Nc4 13. Bc1 e5 14. Nf5 Bxf5 15. exf5 Qc5+ 16. Kh1 exf4 17. Bxb7 Ra7 18. b4 Qxb4 19. Rb1 Qc5 20. Bxf4 Nh5 21. Nd5 Bd8 22. Bc1 Bb6 23. Nxb6 Rxb7 24. Qf3 Rxb6 25. Rxb6 Nxb6 26. Qxh5 Qxc2 27. f6 Qg6 28. Qa5 Qd3 29. Re1 Nc4 30. Qg5 Qg6 31. Qd5 Rc8 32. Qxc4 Rf8 33. fxg7 Qxg7 34. Qxa6 d5 35. Bh6 1-0

[Event "Africa-ch U14"]
[Site "Port Elizabeth"]
[Date "2016.08.27"]
[Round "7"]
[White "Frye, Reece Lawrence"]
[Black "Adrar, Sofiane"]
[Result "0-1"]
[WhiteElo "1391"]
[BlackElo "1572"]
[PlyCount "72"]
[EventDate "2016.08.22"]
[EventType "swiss"]
[EventRounds "9"]
[EventCountry "RSA"]
[SourceTitle "CBM 174 Extra"]
[Source "ChessBase"]
[SourceDate "2016.10.10"]
[SourceVersion "1"]
[SourceVersionDate "2016.10.10"]
[SourceQuality "1"]

1. e4 c5 2. Nc3 d6 3. f4 e6 4. Nf3 Nc6 5. Bb5 a6 6. Bxc6+ bxc6 7. 0-0 Be7 8. d3 Qc7 9. Qe1 d5 10. Qg3 Nf6 11. e5 Nh5 12. Qh3 g6 13. Bd2 Rb8 14. b3 0-0 15. Rae1 f6 16. Ne2 f5 17. Ng3 Nxg3 18. Qxg3 c4 19. Kh1 cxd3 20. cxd3 Bb4 21. Bxb4 Rxb4 22. Ng5 a5 23. Rc1 Re8 24. Rc2 a4 25. bxa4 Rxa4 26. Rfc1 Bb7 27. Qf2 Qa5 28. Rb2 Ba6 29. Qh4 Qc7 30. Rcc2 Bb5 31. Qf2 Qa5 32. h3 Qb6 33. Qh4 Re7 34. Qe1 Qa5 35. Qe3 Qa7 36. d4 Qa5 0-1

[Event "RSA-ch U14"]
[Site "Bloemfontein"]
[Date "2016.03.24"]
[Round "9"]
[White "Frye, Reece Lawrence"]
[Black "Pather, Sachen"]
[Result "1-0"]
[WhiteElo "1290"]
[BlackElo "1277"]
[PlyCount "95"]
[EventDate "2016.03.20"]
[EventType "swiss"]
[EventRounds "11"]
[EventCountry "RSA"]
[SourceTitle "CBM 171 Extra"]
[Source "ChessBase"]
[SourceDate "2016.04.26"]
[SourceVersion "1"]
[SourceVersionDate "2016.04.26"]
[SourceQuality "1"]

1. e4 c5 2. Nc3 d6 3. f4 Nf6 4. Nf3 e6 5. Bb5+ Bd7 6. Bxd7+ Qxd7 7. 0-0 Be7 8. d3 0-0 9. Qe1 Nc6 10. Qg3 d5 11. Ne5 Nxe5 12. fxe5 Ne8 13. Qg4 d4 14. Ne2 Bd8 15. Ng3 Qe7 16. Nh5 Qh4 17. Qf3 f5 18. exf6 Nxf6 19. Nf4 e5 20. Ne6 Re8 21. Bg5 Qg4 22. Qxg4 Nxg4 23. Nxd8 Raxd8 24. h3 Ne3 25. Bxe3 dxe3 26. Rae1 c4 27. Rxe3 cxd3 28. Rxd3 Rxd3 29. cxd3 Rc8 30. Rf2 Rc1+ 31. Kh2 g6 32. a3 Kg7 33. d4 Re1 34. dxe5 Rxe4 35. Rc2 Kh6 36. Rc7 b6 37. Rxa7 Rxe5 38. Rb7 Rb5 39. b4 g5 40. Kg3 Kg6 41. Kf3 Rf5+ 42. Ke3 b5 43. g4 Rf1 44. Rb6+ Rf6 45. Rxf6+ Kxf6 46. Kd4 Kg6 47. Kc5 h5 48. Kxb5 1-0

[Event "RSA-ch U14"]
[Site "Bloemfontein"]
[Date "2016.03.21"]
[Round "3"]
[White "Varden, Trevelyn"]
[Black "Frye, Reece Lawrence"]
[Result "1-0"]
[WhiteElo "1519"]
[BlackElo "1290"]
[PlyCount "54"]
[EventDate "2016.03.20"]
[EventType "swiss"]
[EventRounds "11"]
[EventCountry "RSA"]
[SourceTitle "CBM 171 Extra"]
[Source "ChessBase"]
[SourceDate "2016.04.26"]
[SourceVersion "1"]
[SourceVersionDate "2016.04.26"]
[SourceQuality "1"]

1. c4 Nf6 2. g3 g6 3. Bg2 d5 4. cxd5 Nxd5 5. Nc3 Nxc3 6. bxc3 Bg7 7. Nf3 0-0 8. 0-0 e5 9. Qc2 c6 10. Rd1 Qc7 11. Bb2 Bf5 12. d3 Re8 13. Nd2 Nd7 14. Ne4 Bxe4 15. Bxe4 Nf6 16. Bg2 Nd5 17. c4 Nb4 18. Qd2 a5 19. Bc3 c5 20. Rab1 Rab8 21. a3 Nc6 22. Qb2 Re7 23. Qb6 e4 24. Qxc7 Rxc7 25. Bxg7 Kxg7 26. Bxe4 f5 27. Bxc6 bxc6 1-0

[Event "RSA-chT U14"]
[Site "Cape Town"]
[Date "2016.01.05"]
[Round "3.3"]
[White "Frye, Reece Lawrence"]
[Black "Vuso, Hlomisa"]
[Result "1/2-1/2"]
[WhiteElo "1364"]
[BlackElo "1211"]
[PlyCount "55"]
[EventDate "2016.01.04"]
[EventType "team-tourn"]
[EventRounds "7"]
[EventCountry "RSA"]
[SourceTitle "CBM 170 Extra"]
[Source "ChessBase"]
[SourceDate "2016.02.25"]
[SourceVersion "1"]
[SourceVersionDate "2016.02.25"]
[SourceQuality "1"]
[WhiteTeam "Western Province"]
[BlackTeam "Nelson Mandela Bay"]
[WhiteTeamCountry "RSA"]
[BlackTeamCountry "RSA"]

1. e4 c5 2. Nc3 d6 3. f4 e6 4. Bb5+ Bd7 5. Bxd7+ Qxd7 6. Nf3 Nc6 7. 0-0 g6 8. d4 cxd4 9. Nxd4 Bg7 10. Ndb5 Rd8 11. f5 exf5 12. exf5 a6 13. Bg5 axb5 14. Bxd8 Qxd8 15. Qe2+ Be5 16. Nxb5 Qb6+ 17. Kh1 Nge7 18. Rad1 Nxf5 19. Nxd6+ Nxd6 20. Rxd6 Qxb2 21. Re1 0-0 22. Rd3 Qxa2 23. Qf2 Bg7 24. Qh4 Qxc2 25. Rh3 h6 26. Rhe3 Qb2 27. R3e2 Qf6 28. Qc4 1/2-1/2